UM Logo

Mens rea reform and its discontents / (Record no. 20718)

MARC details
000 -LEADER
fixed length control field 00669nam a22001817a 4500
003 - CONTROL NUMBER IDENTIFIER
control field OSt
005 - DATE AND TIME OF LATEST TRANSACTION
control field 20250902141940.0
008 - FIXED-LENGTH DATA ELEMENTS--GENERAL INFORMATION
fixed length control field 240820b ||||| |||| 00| 0 eng d
040 ## - CATALOGING SOURCE
Transcribing agency 0
082 ## - DEWEY DECIMAL CLASSIFICATION NUMBER
Classification number DPer 364.05 J826 Summer-Fall 2019 v. 109 n. 3-4
100 ## - MAIN ENTRY--PERSONAL NAME
Personal name Levin, Benjamin.
Relator term author.
9 (RLIN) 58529
245 ## - TITLE STATEMENT
Title Mens rea reform and its discontents /
Statement of responsibility, etc. Benjamin Levin.
260 ## - PUBLICATION, DISTRIBUTION, ETC. (IMPRINT)
Place of publication, distribution, etc. Evanston ;
Name of publisher, distributor, etc. Northwestern University Press ,
Date of publication, distribution, etc. Summer 2019.
300 ## - PHYSICAL DESCRIPTION
Extent Volume 109, pages 491-558 ;
Dimensions 26 cm.
500 ## - GENERAL NOTE
General note The Journal of Criminal Law and Criminology, vol. 109, no. 3, pages 491-558, Summer 2019.
700 ## - ADDED ENTRY--PERSONAL NAME
Personal name Levin, Benjamin.
Relator term authhor.
9 (RLIN) 58529
942 ## - ADDED ENTRY ELEMENTS (KOHA)
Source of classification or shelving scheme Dewey Decimal Classification
Koha item type Periodicals
Holdings
Withdrawn status Lost status Source of classification or shelving scheme Damaged status Not for loan Collection code Home library Current library Date acquired Total Checkouts Full call number Date last seen Price effective from Koha item type Public note
    Dewey Decimal Classification     Periodicals UM Digos College - LIC UM Digos College - LIC 08/20/2024   DPer 364.05 J82 Summer-Fall 2019 v. 109 n. 3-4 08/20/2024 08/20/2024 Periodicals Periodical Article